Famous Roberts - Statistics

General Stats
  • This quiz has been taken 25 times
  • The average score is 11 of 16
Answer Stats
Picture Hint Answer % Correct
Raging Bull - Goodfellas De Niro
100%
Blowin' In The Wind - Knockin' on Heaven's Door Dylan
100%
One Love - Redemption Song Marley
100%
Butch Cassidy and the Sundance Kid - The Horse Whisperer Redford
95%
Iron Man - Oppenheimer Downey Jr.
91%
U.S. Secretary of Health and Human Services Kennedy Jr.
82%
The Godfather - Lonesome Dove Duvall
73%
Twilight - The Batman Pattinson
73%
Turn The Page - Night Moves Seger
68%
The Joy Of Painting Ross
64%
Full House - America's Funniest Home Videos Saget
64%
The West Wing - The Floor Lowe
59%
Iron Chef - Beat Bobby ____ Flay
50%
The Price is Right - Happy Gilmore Barker
45%
Dragula (Song) - The Devil's Rejects (Film/Director) Zombie
36%
Boardwalk Empire - Will & Grace Cannavale
27%
No matching quizzes found
Score Distribution
Percent of People with Each Score
Percentile by Number Answered
Your Score History
You have not taken this quiz